<?xml version="1.0" encoding="UTF-8"?>
<collection xmlns="http://www.loc.gov/MARC21/slim">
<record>
  <controlfield tag="001">261432</controlfield>
  <controlfield tag="005">20240928175434.0</controlfield>
  <datafield tag="035" ind1=" " ind2=" ">
    <subfield code="a">G:(GEPRIS)426121593</subfield>
  </datafield>
  <datafield tag="024" ind1="7" ind2=" ">
    <subfield code="a">G:(GEPRIS)426121593</subfield>
    <subfield code="d">426121593</subfield>
  </datafield>
  <datafield tag="040" ind1=" " ind2=" ">
    <subfield code="a">GEPRIS</subfield>
    <subfield code="c">http://gepris.its.kfa-juelich.de</subfield>
  </datafield>
  <datafield tag="150" ind1=" " ind2=" ">
    <subfield code="a">Die Bedeutung von Warnsignalwegen in Aortenerkrankungen (A02)</subfield>
    <subfield code="y">2019 -</subfield>
  </datafield>
  <datafield tag="371" ind1=" " ind2=" ">
    <subfield code="a">Professor Dr. Eicke Latz</subfield>
  </datafield>
  <datafield tag="371" ind1=" " ind2=" ">
    <subfield code="a">Professor Dr. Sebastian Zimmer</subfield>
  </datafield>
  <datafield tag="450" ind1=" " ind2=" ">
    <subfield code="a">DFG project G:(GEPRIS)426121593</subfield>
    <subfield code="w">d</subfield>
    <subfield code="y">2019 -</subfield>
  </datafield>
  <datafield tag="510" ind1="1" ind2=" ">
    <subfield code="a">Deutsche Forschungsgemeinschaft</subfield>
    <subfield code="0">I:(DE-588b)2007744-0</subfield>
    <subfield code="b">DFG</subfield>
  </datafield>
  <datafield tag="550" ind1=" " ind2=" ">
    <subfield code="0">G:(GEPRIS)397484323</subfield>
    <subfield code="a">TRR 259: Aortenerkrankungen</subfield>
    <subfield code="w">t</subfield>
  </datafield>
  <datafield tag="680" ind1=" " ind2=" ">
    <subfield code="a">Die Entstehung und Progression von Aortenerkrankungen werden maßgeblich durch eine chronische Inflammation verursacht. In der ersten Förderperiode konnten wir zeigen, dass eine spezifische Aktivierung des angeborenen Immunsystems hierfür verantwortlich ist. Projekt A02 wird diese Erkenntnisse vertiefen und die Zellen identifizieren, welche die beobachteten Effekte vermitteln. Es werden therapeutische Ansätze zur Modulation von Signaltransduktionswegen des angeborenen Immunsystems geprüft. Zuletzt wird der Einfluss von Monozyten mit einer pro-inflammatorischen genetischen Prädisposition, der sog. CHIP (clonal haematopoiesis of indeterminate potential), auf die Entstehung von Aortenerkrankungen untersucht.</subfield>
  </datafield>
  <datafield tag="909" ind1="C" ind2="O">
    <subfield code="o">oai:juser.fz-juelich.de:928035</subfield>
    <subfield code="p">authority:GRANT</subfield>
    <subfield code="p">authority</subfield>
  </datafield>
  <datafield tag="980" ind1=" " ind2=" ">
    <subfield code="a">G</subfield>
  </datafield>
  <datafield tag="980" ind1=" " ind2=" ">
    <subfield code="a">AUTHORITY</subfield>
  </datafield>
  <datafield tag="909" ind1="C" ind2="O">
    <subfield code="o">oai:juser.fz-juelich.de:928035</subfield>
  </datafield>
</record>
</collection>